<?xml version="1.0" encoding="UTF-8"?>
<record
    xmlns:xsi="http://www.w3.org/2001/XMLSchema-instance"
    xsi:schemaLocation="http://www.loc.gov/MARC21/slim http://www.loc.gov/standards/marcxml/schema/MARC21slim.xsd"
    xmlns="http://www.loc.gov/MARC21/slim">

  <leader>00417nam a2200133Ia 4500</leader>
  <controlfield tag="008">191129s9999    xx            000 0 und d</controlfield>
  <datafield tag="020" ind1=" " ind2=" ">
    <subfield code="a">4806523176408</subfield>
  </datafield>
  <datafield tag="100" ind1=" " ind2=" ">
    <subfield code="a">Goll, James W.</subfield>
  </datafield>
  <datafield tag="245" ind1=" " ind2=" ">
    <subfield code="c">James W. Goll</subfield>
    <subfield code="a">Finding hope:</subfield>
    <subfield code="b">rediscovering life after tragedy/</subfield>
  </datafield>
  <datafield tag="260" ind1=" " ind2=" ">
    <subfield code="a">Manila:</subfield>
    <subfield code="b">Church Strengthening Ministry, Inc.</subfield>
    <subfield code="c">2015</subfield>
  </datafield>
  <datafield tag="300" ind1=" " ind2=" ">
    <subfield code="a">192 p. ;</subfield>
    <subfield code="b">ill. :</subfield>
    <subfield code="c">16 cm.</subfield>
  </datafield>
  <datafield tag="650" ind1=" " ind2=" ">
    <subfield code="a">encouragement</subfield>
  </datafield>
  <datafield tag="650" ind1=" " ind2=" ">
    <subfield code="a">Inspiration</subfield>
  </datafield>
  <datafield tag="999" ind1=" " ind2=" ">
    <subfield code="c">362747</subfield>
    <subfield code="d">362747</subfield>
  </datafield>
  <datafield tag="952" ind1=" " ind2=" ">
    <subfield code="0">0</subfield>
    <subfield code="1">0</subfield>
    <subfield code="4">0</subfield>
    <subfield code="a">LUX</subfield>
    <subfield code="b">LUX</subfield>
    <subfield code="c">HS</subfield>
    <subfield code="d">2019-11-29</subfield>
    <subfield code="e">Library fund</subfield>
    <subfield code="l">0</subfield>
    <subfield code="o">BF 637. C4 .G626 2015</subfield>
    <subfield code="p">20791</subfield>
    <subfield code="r">2019-11-29 00:00:00</subfield>
    <subfield code="w">2019-11-29</subfield>
    <subfield code="y">BK</subfield>
  </datafield>
</record>
